The determinants of individual unemployment durations in an era of high unemployment. (Record no. 28627)

000 -LEADER
fixed length control field 00467pab a2200169 454500
008 - FIXED-LENGTH DATA ELEMENTS--GENERAL INFORMATION
fixed length control field 180718b1995 xxu||||| |||| 00| 0 eng d
100 ## - MAIN ENTRY--PERSONAL NAME
Personal name Arulampalam, Wiji
245 ## - TITLE STATEMENT
Title The determinants of individual unemployment durations in an era of high unemployment.
260 ## - PUBLICATION, DISTRIBUTION, ETC.
Date of publication, distribution, etc. 1995
300 ## - PHYSICAL DESCRIPTION
Extent p.321-32
362 ## - DATES OF PUBLICATION AND/OR SEQUENTIAL DESIGNATION
Dates of publication and/or sequential designation Mar
650 ## - SUBJECT ADDED ENTRY--TOPICAL TERM
Topical term or geographic name entry element Employment - U.K.
650 ## - SUBJECT ADDED ENTRY--TOPICAL TERM
Topical term or geographic name entry element Unemployment - U.K.
700 ## - ADDED ENTRY--PERSONAL NAME
Personal name Stewart, Mark B.
773 ## - HOST ITEM ENTRY
Main entry heading Economic Journal
909 ## -
-- 28627
Holdings
Withdrawn status Lost status Damaged status Not for loan Permanent Location Current Location Date acquired Serial Enumeration / chronology Barcode Date last seen Price effective from Koha item type
        Indian Institute of Public Administration Indian Institute of Public Administration 2018-07-19 Volume no: 105, Issue no: 429 AR28744 2018-07-19 2018-07-19 Articles

Powered by Koha